Hukum perkawinan dalam Islam. (Record no. 68899)

MARC details
000 -LEADER
fixed length control field 00905cam a22002531 4500
001 - CONTROL NUMBER
control field sa 66003454
003 - CONTROL NUMBER IDENTIFIER
control field DLC
005 - DATE AND TIME OF LATEST TRANSACTION
control field 20260227112236.0
008 - FIXED-LENGTH DATA ELEMENTS--GENERAL INFORMATION
fixed length control field 841018s1964 io a b 000 0 ara
010 ## - LIBRARY OF CONGRESS CONTROL NUMBER
LC control number sa 66003454
015 ## - NATIONAL BIBLIOGRAPHY NUMBER
National bibliography number PL480:Indo-2426
035 ## - SYSTEM CONTROL NUMBER
System control number (OCoLC)11282426
040 ## - CATALOGING SOURCE
Original cataloging agency DLC
Transcribing agency WU
Modifying agency DLC
042 ## - AUTHENTICATION CODE
Authentication code premarc
050 00 - LIBRARY OF CONGRESS CALL NUMBER
Classification number LAW <Indonesia (Republic) 7 Junu 1964>
100 1# - MAIN ENTRY--PERSONAL NAME
Personal name Yunus, Mahmud,
Dates associated with a name 1899-1982.
245 10 - TITLE STATEMENT
Title Hukum perkawinan dalam Islam.
Remainder of title Disusun setjara Buku undang-undang Barat, menurut mazbab Sjafiʼi, Hanafi, Maliki dan Hanbali, serta diberi dalil² dan keterangan jang memuaskan.
250 ## - EDITION STATEMENT
Edition statement Tjet. 3.
260 ## - PUBLICATION, DISTRIBUTION, ETC.
Place of publication, distribution, etc. Djakarta,
Name of publisher, distributor, etc. Al-Hidajah,
Date of publication, distribution, etc. 1964.
300 ## - PHYSICAL DESCRIPTION
Extent xi, 169 p.
Other physical details illus.
Dimensions 21 cm.
500 ## - GENERAL NOTE
General note "Lampiran" (p. 149-165) includes quotations in Arabic from the Koran and hadith.
504 ## - BIBLIOGRAPHY, ETC. NOTE
Bibliography, etc. note Bibliography: p. 169.
650 #0 - SUBJECT ADDED ENTRY--TOPICAL TERM
Topical term or geographic name entry element Marriage (Islamic law)

No items available.

Powered by Koha